Statistics for Colours Chain

Click here to take the quiz!

General Stats

  • This quiz has been taken 175 times
  • The average score is 14 of 28

Answer Stats

Hint Answer % Correct
A submarineYellow
98%
Used for surrender or marriageWhite
97%
SunbathingTan
83%
SailorsNavy
82%
The May birthstoneEmerald
72%
AxlRose
71%
5Maroon
69%
Hawthorne's letter or O'HaraScarlet
67%
Camouflage clothing or casual trousersKhaki
65%
H2OAqua
61%
The rainbow (maybe)Indigo
59%
A suit or a girl's best friendDiamond
56%
So What, Raise Your GlassPink
56%
An ornamental flowerLilac
48%
A very fragrant flowerLavender
48%
Dance of [a certain] Fairy /2/Sugar Plum
44%
AubergineEggplant
44%
A metalNickel
41%
The February birthstoneAmethyst
40%
Another fragrant flowerOrchid
30%
Gum trees and the koalaEucalyptus
29%
The NetherlandsTulip
29%
Fuchsine; named after a city in LombardyMagenta
19%
Spears & Timberlake's outfitDenim
17%
NarcissusDaffodil
16%
E.g. burgundy or blood /2/Dark Red
14%
SeductressTemptress
10%
Lemon-coloured quartzCitrine
9%

Score Distribution

Percentile by Number Answered

Percent of People with Each Score

Your Score History

You have not taken this quiz